00000000nam##2200000za#4500
0019.535751
003CaOODSP
00520200331233036
007ta
008150406|2001||||xxc|||||     f|0| 0 fre|d
040 |aCaOODSP|bfre
041 |aeng
041 |afre
043 |an-cn---
0861 |aSP2-6/2000
1101 |aCanada. |bImprimeur de la Reine.
24510|aBanques, sociétés de fiducie et sociétés de prêt : |bsoldes non réclamés: déclarés au 31 décembre 2000 par les banques, les sociétés de fiducie et les sociétés de prêt / |c(Bureau du surintendant des institutions financières: Loi sur les banques.)
260 |aOttawa - Ontario : |bImprimeur de la Reine |c2001.
300 |a516p. ; |c28 cm.
4901 |aGazette du Canada, partie I. Supplément
5203 |aSupplément à la Gazette du Canada, partie 1, le 24 août 2001.
546 |aBilingue
563 |aCouverture souple
590 |a01-32|b2001-08-10
7760#|tBanks, trust companies and loan companies - unclaimed balances : |w(CaOODSP)9.587839
791 |tBanks, trust companies and loan companies : |eeng|w(CaOODSP)9.535750
830#0|aGazette du Canada, partie I. Supplément.|w(CaOODSP)9.509661